| 000 | 00427nam a22001577a 4500 | ||
|---|---|---|---|
| 005 | 20260202120326.0 | ||
| 008 | 260202b |||||||| |||| 00| 0 eng d | ||
| 020 | _a978-99966-26-098-7 | ||
| 100 | _aSYOMWENE, ANNE | ||
| 245 | _aCORE PRINCIPLES IN CURRICULUM | ||
| 260 |
_aELDORET, KENYA _bUTAFITI FOUNDATION _c2017 |
||
| 300 | _aX, 278P. | ||
| 500 | _aINCLUDES INDEX | ||
| 650 | _aCURRICULUM DEVELOPMENT | ||
| 942 |
_2lcc _cBK |
||
| 999 |
_c216503 _d216503 |
||